[Event "FICGS rapid A 000076 email"]
[Site "FICGS email"]
[Date "2010.02.07"]
[Round "1"]
[White "Collette, Benjamin"]
[Black "Plant, Kevin D"]
[Result "0-1"]
[WhiteElo "1987"]
[BlackElo "2069"]
[PlyCount "20"]
[EventDate "2010.??.??"]
[EventType "tourn (rapid)"]
[EventRounds "6"]
[SourceTitle "Corr 2013"]
[Source "ChessBase"]
[SourceDate "2012.11.12"]
[SourceVersion "1"]
[SourceVersionDate "2012.11.12"]
[SourceQuality "1"]

1. c4 e5 2. g3 Nf6 3. Bg2 d5 4. cxd5 Nxd5 5. Nc3 Nb6 6. Nf3 Nc6 7. 0-0 Be7 8. a3 a5 9. d3 0-0 10. Be3 Be6 0-1

[Event "Malakoff op 09th"]
[Site "Malakoff"]
[Date "2009.04.15"]
[Round "7"]
[White "Collette, Benjamin"]
[Black "Panbukchian, Valentin"]
[Result "0-1"]
[WhiteElo "2173"]
[BlackElo "2305"]
[PlyCount "69"]
[EventDate "2009.04.11"]
[EventType "swiss"]
[EventRounds "9"]
[EventCountry "FRA"]
[SourceTitle "EXT 2010"]
[Source "ChessBase"]
[SourceDate "2010.11.25"]
[SourceVersion "1"]
[SourceVersionDate "2010.11.25"]
[SourceQuality "1"]

1. d4 Nf6 2. c4 e6 3. Nc3 Bb4 4. g3 0-0 5. Bg2 d5 6. Nf3 dxc4 7. 0-0 c5 8. dxc5 Qa5 9. Qd4 Nc6 10. Qxc4 Qxc5 11. Qxc5 Bxc5 12. Rd1 h6 13. Bf4 e5 14. Nxe5 Nxe5 15. Bxe5 Bxf2+ 16. Kxf2 Ng4+ 17. Kg1 Nxe5 18. Rd5 f6 19. Rc5 Rb8 20. Rc7 Be6 21. Rd1 Rf7 22. Rxf7 Kxf7 23. Nb5 Ke7 24. Nd4 Bd7 25. Rc1 Kd6 26. Rd1 Kc7 27. Rc1+ Kb6 28. Be4 Rd8 29. Rc3 Bc8 30. Bf5 Rxd4 31. Bxc8 Rb4 32. Rc2 a5 33. Be6 Rd4 34. Kg2 a4 35. b3 0-1

[Event "FICGS rapid M 000016 email"]
[Site "FICGS email"]
[Date "2009.03.02"]
[Round "1"]
[White "Collette, Benjamin"]
[Black "Bernal Varela, Nelson"]
[Result "1/2-1/2"]
[WhiteElo "2228"]
[BlackElo "2139"]
[PlyCount "35"]
[EventDate "2009.??.??"]
[EventType "tourn (rapid)"]
[EventRounds "6"]
[SourceTitle "Corr 2022"]
[Source "ChessBase"]
[SourceDate "2021.10.24"]
[SourceVersion "1"]
[SourceVersionDate "2021.10.24"]
[SourceQuality "1"]

1. e4 c5 2. Nf3 d6 3. d4 cxd4 4. Nxd4 Nf6 5. Nc3 a6 6. Be3 Ng4 7. Bc1 Nf6 8. f3 e5 9. Nb3 Be7 10. Be3 Be6 11. Qd2 Nbd7 12. g4 0-0 13. 0-0-0 b5 14. g5 Nh5 15. Nd5 Bxd5 16. exd5 Qc7 17. Kb1 Nb6 18. Rg1 1/2-1/2

[Event "FICGS rapid M 000016 email"]
[Site "FICGS email"]
[Date "2009.03.02"]
[Round "1"]
[White "Gray, Garvin"]
[Black "Collette, Benjamin"]
[Result "1-0"]
[WhiteElo "2146"]
[BlackElo "2228"]
[PlyCount "47"]
[EventDate "2009.??.??"]
[EventType "tourn (rapid)"]
[EventRounds "6"]
[SourceTitle "Corr 2022"]
[Source "ChessBase"]
[SourceDate "2021.10.24"]
[SourceVersion "1"]
[SourceVersionDate "2021.10.24"]
[SourceQuality "1"]

1. e4 e5 2. Nf3 Nc6 3. Nc3 Nf6 4. g3 Bc5 5. Bg2 d6 6. d3 a6 7. 0-0 Be6 8. Be3 Bxe3 9. fxe3 Ne7 10. Qe2 c6 11. d4 Ng6 12. a4 h5 13. h3 Qe7 14. Rad1 Rd8 15. d5 Bc8 16. Nd2 0-0 17. Nc4 c5 18. a5 Bd7 19. Rb1 h4 20. g4 Rb8 21. Nb6 Rfd8 22. b4 cxb4 23. Rxb4 Be8 24. Rc4 1-0

[Event "FICGS W-ch st1 g10 email"]
[Site "FICGS email"]
[Date "2009.02.03"]
[Round "1"]
[White "Collette, Benjamin"]
[Black "Freeman, Thomas"]
[Result "0-1"]
[WhiteElo "2174"]
[BlackElo "1800"]
[PlyCount "78"]
[EventDate "2009.??.??"]
[EventType "tourn (corr)"]
[EventRounds "8"]
[SourceTitle "Corr 2022"]
[Source "ChessBase"]
[SourceDate "2021.10.24"]
[SourceVersion "1"]
[SourceVersionDate "2021.10.24"]
[SourceQuality "1"]

1. d4 d5 2. c4 c6 3. Nf3 Nf6 4. e3 Bf5 5. Nc3 e6 6. Nh4 Bg6 7. Be2 dxc4 8. Nxg6 hxg6 9. Bxc4 Qc7 10. h3 a6 11. a4 Bb4 12. 0-0 0-0 13. Qc2 c5 14. Na2 Nc6 15. Be2 Rac8 16. Nxb4 Nxb4 17. Qxc5 Qxc5 18. dxc5 Rfd8 19. Bf3 e5 20. Bxb7 Rxc5 21. b3 Rb8 22. Bf3 Nd3 23. b4 Nxb4 24. Rd1 a5 25. Bd2 e4 26. Be2 Rbc8 27. Bxb4 axb4 28. Bf1 Kf8 29. Rd4 Nd5 30. a5 b3 31. Kh2 Rc1 32. Rxc1 Rxc1 33. Rxd5 b2 34. a6 b1Q 35. Rd8+ Ke7 36. a7 Qb6 37. a8Q Qxd8 38. Qxe4+ Kf8 39. Be2 Qd6+ 0-1

[Event "FICGS W-ch st1 g10 email"]
[Site "FICGS email"]
[Date "2009.02.03"]
[Round "1"]
[White "Connor, Thomas"]
[Black "Collette, Benjamin"]
[Result "0-1"]
[WhiteElo "1156"]
[BlackElo "2174"]
[PlyCount "36"]
[EventDate "2009.??.??"]
[EventType "tourn (corr)"]
[EventRounds "8"]
[SourceTitle "Corr 2022"]
[Source "ChessBase"]
[SourceDate "2021.10.24"]
[SourceVersion "1"]
[SourceVersionDate "2021.10.24"]
[SourceQuality "1"]

1. d4 e6 2. c4 Nf6 3. Nc3 Bb4 4. Qc2 d5 5. cxd5 Qxd5 6. Nf3 Qf5 7. Qxf5 exf5 8. Bd2 c6 9. g3 Be6 10. Bg2 h6 11. 0-0 0-0 12. Ne5 Rd8 13. e3 Bd6 14. Rad1 Na6 15. Ne2 Bxe5 16. dxe5 Bc4 17. Rfe1 Ne4 18. Nc3 Rxd2 0-1

[Event "FICGS W-ch st1 g10 email"]
[Site "FICGS email"]
[Date "2009.02.03"]
[Round "1"]
[White "Ould Ahmed, Samy"]
[Black "Collette, Benjamin"]
[Result "1-0"]
[WhiteElo "1833"]
[BlackElo "2174"]
[PlyCount "69"]
[EventDate "2009.??.??"]
[EventType "tourn (corr)"]
[EventRounds "8"]
[SourceTitle "Corr 2022"]
[Source "ChessBase"]
[SourceDate "2021.10.24"]
[SourceVersion "1"]
[SourceVersionDate "2021.10.24"]
[SourceQuality "1"]

1. e4 c5 2. Nf3 d6 3. d4 cxd4 4. Nxd4 Nf6 5. Nc3 g6 6. Be3 Bg7 7. f3 Nc6 8. Qd2 0-0 9. Bc4 Bd7 10. 0-0-0 Rc8 11. Bb3 Ne5 12. h4 h5 13. Bg5 Rc5 14. Kb1 Re8 15. Bh6 Qa5 16. g4 Rec8 17. Bxg7 Kxg7 18. gxh5 Nxh5 19. f4 Nc4 20. Bxc4 Rxc4 21. Nb3 Qc7 22. f5 Rxc3 23. bxc3 Qxc3 24. Qxc3+ Rxc3 25. fxg6 fxg6 26. e5 Ng3 27. Rhg1 Ne2 28. Kb2 Rxb3+ 29. cxb3 Nxg1 30. Rxg1 dxe5 31. h5 Bf5 32. Kc3 Kf6 33. h6 g5 34. Rf1 e6 35. Rh1 1-0

[Event "Brasschaat op 04th"]
[Site "Brasschaat"]
[Date "2004.08.25"]
[Round "5"]
[White "Baete, Guy"]
[Black "Collette, Benjamin"]
[Result "1/2-1/2"]
[WhiteElo "1868"]
[BlackElo "2165"]
[PlyCount "128"]
[EventDate "2004.08.21"]
[EventType "swiss"]
[EventRounds "9"]
[EventCountry "BEL"]
[SourceTitle "EXT 2017"]
[Source "ChessBase"]
[SourceDate "2016.10.25"]
[SourceVersion "1"]
[SourceVersionDate "2016.10.25"]
[SourceQuality "1"]

1. e4 Nf6 2. Nc3 d5 3. exd5 Nxd5 4. Nxd5 Qxd5 5. Qf3 Qc5 6. c3 e5 7. Qe3 Qxe3+ 8. dxe3 Bf5 9. h3 Nd7 10. g4 Bg6 11. Bg2 Nc5 12. Nf3 Nd3+ 13. Ke2 0-0-0 14. Nh4 Nxc1+ 15. Raxc1 Bd3+ 16. Ke1 g6 17. Bf1 Be4 18. Bg2 Bxg2 19. Nxg2 h5 20. Ke2 Be7 21. e4 Bg5 22. Ne3 Rh7 23. Rhg1 hxg4 24. hxg4 Rh3 25. Rg3 Rxg3 26. fxg3 Rh8 27. Rf1 Rh7 28. Nc4 f6 29. Ne3 Kd7 30. Nd5 Ke6 31. Nb4 c6 32. Nd3 b6 33. Nf2 Rh2 34. Rh1 Rxh1 35. Nxh1 Bc1 36. b3 Bb2 37. Kd2 Ba3 38. Nf2 Bc5 39. Nd3 Bg1 40. Ke2 Kd6 41. Kf3 b5 42. Ne1 Bc5 43. Ng2 Ke6 44. Ne1 Bg1 45. Ke2 Bb6 46. Nf3 f5 47. gxf5+ gxf5 48. Nd2 Kf6 49. Kf3 Ba5 50. exf5 Kxf5 51. g4+ Ke6 52. Ne4 Bd8 53. c4 Be7 54. Ng3 Bg5 55. Ke4 Bf4 56. Ne2 Bg5 57. cxb5 cxb5 58. Nc3 a6 59. Nd5 Kd6 60. Nb4 a5 61. Nd3 Bf6 62. a4 bxa4 63. bxa4 Bg7 64. g5 Bh8 1/2-1/2

[Event "Brasschaat op 04th"]
[Site "Brasschaat"]
[Date "2004.08.22"]
[Round "2"]
[White "Collette, Benjamin"]
[Black "Voet, Dirk Victor"]
[Result "1-0"]
[WhiteElo "2165"]
[BlackElo "1897"]
[PlyCount "67"]
[EventDate "2004.08.21"]
[EventType "swiss"]
[EventRounds "9"]
[EventCountry "BEL"]
[SourceTitle "EXT 2017"]
[Source "ChessBase"]
[SourceDate "2016.10.25"]
[SourceVersion "1"]
[SourceVersionDate "2016.10.25"]
[SourceQuality "1"]

1. e4 g6 2. d4 Bg7 3. Nc3 d6 4. Be3 Nc6 5. d5 Ne5 6. f4 Ng4 7. Bd4 N4f6 8. Bb5+ Bd7 9. e5 Nh5 10. Be2 dxe5 11. fxe5 e6 12. g3 Nh6 13. Bxh5 gxh5 14. Qxh5 Nf5 15. Nf3 Nxd4 16. Nxd4 exd5 17. 0-0-0 0-0 18. Nxd5 c6 19. Nf4 Qc8 20. h3 c5 21. Nd5 Kh8 22. Nf3 Bf5 23. Ne7 Bg6 24. Qh4 Qe8 25. Nxg6+ fxg6 26. Ng5 h6 27. Rhe1 Rf5 28. Ne4 Rxe5 29. Nd6 Qe6 30. Rxe5 Bxe5 31. Qxh6+ Kg8 32. Ne4 Bg7 33. Qh4 Re8 34. Rd8 1-0

[Event "Brasschaat op 04th"]
[Site "Brasschaat"]
[Date "2004.08.21"]
[Round "1"]
[White "Verlinden, Willem"]
[Black "Collette, Benjamin"]
[Result "0-1"]
[WhiteElo "1752"]
[BlackElo "2165"]
[PlyCount "60"]
[EventDate "2004.08.21"]
[EventType "swiss"]
[EventRounds "9"]
[EventCountry "BEL"]
[SourceTitle "EXT 2017"]
[Source "ChessBase"]
[SourceDate "2016.10.25"]
[SourceVersion "1"]
[SourceVersionDate "2016.10.25"]
[SourceQuality "1"]

1. d4 d5 2. Nf3 Nf6 3. e3 c6 4. Bd3 Bg4 5. Nbd2 Nbd7 6. 0-0 e5 7. dxe5 Nxe5 8. Be2 Nxf3+ 9. Nxf3 Bd6 10. h3 Bxf3 11. Bxf3 Qe7 12. Rb1 Ne4 13. Bxe4 Qxe4 14. Qd3 Qe5 15. g3 0-0 16. b3 Rae8 17. Bb2 Qg5 18. Qe2 f5 19. Qf3 f4 20. exf4 Rxf4 21. Bc1 Rxf3 22. Bxg5 Bc5 23. Kg2 Rc3 24. b4 Bb6 25. Rb2 Re2 26. a4 Rcxc2 27. Rxc2 Rxc2 28. a5 Bd4 29. Be7 Kf7 30. Bd6 Rb2 0-1

[Event "Paris Apsap op 74th"]
[Site "Paris"]
[Date "2004.08.10"]
[Round "2"]
[White "Fogel, Pierre"]
[Black "Collette, Benjamin"]
[Result "0-1"]
[WhiteElo "2087"]
[BlackElo "2165"]
[PlyCount "72"]
[EventDate "2004.08.??"]
[EventType "swiss"]
[EventRounds "9"]
[EventCountry "FRA"]
[SourceTitle "EXT 2005"]
[Source "ChessBase"]
[SourceDate "2004.11.15"]
[SourceVersion "1"]
[SourceVersionDate "2004.11.15"]
[SourceQuality "1"]

1. c4 c6 2. e4 e5 3. d4 Bb4+ 4. Nc3 d6 5. a3 Bxc3+ 6. bxc3 Nf6 7. Bd3 Bg4 8. f3 Bh5 9. Rb1 b6 10. Ne2 Nfd7 11. 0-0 c5 12. Ng3 Bg6 13. f4 f6 14. f5 Bf7 15. d5 Nf8 16. Bc2 h6 17. Qg4 h5 18. Qh4 Ke7 19. Bd1 Qe8 20. a4 Nbd7 21. a5 bxa5 22. Ra1 Nb6 23. Rxa5 Nxc4 24. Ra6 Nd7 25. Ba4 Qc8 26. Bb5 Ndb6 27. Rf2 Be8 28. Bxe8 Qxa6 29. Bxh5 Qc8 30. Qg4 Qf8 31. Qg6 a5 32. Nf1 a4 33. g4 a3 34. Ra2 Na4 35. g5 Nxc3 36. Ra1 a2 0-1

[Event "Paris Apsap op 73rd"]
[Site "Paris"]
[Date "2004.08.07"]
[Round "8"]
[White "Collette, Benjamin"]
[Black "Randisi, Alexandre"]
[Result "1-0"]
[WhiteElo "2165"]
[BlackElo "2076"]
[PlyCount "33"]
[EventDate "2004.08.??"]
[EventType "swiss"]
[EventRounds "9"]
[EventCountry "FRA"]
[SourceTitle "EXT 2006"]
[Source "ChessBase"]
[SourceDate "2005.11.24"]
[SourceVersion "1"]
[SourceVersionDate "2005.11.24"]
[SourceQuality "1"]

1. e4 c5 2. a3 e6 3. b4 b6 4. bxc5 bxc5 5. Nc3 Nc6 6. Rb1 g6 7. Bb2 Nf6 8. Nb5 e5 9. f4 d6 10. Nf3 Bg4 11. h3 Bxf3 12. Qxf3 a6 13. fxe5 dxe5 14. Nc7+ Qxc7 15. Qxf6 Rg8 16. Bc4 Rg7 17. Bd5 1-0

[Event "Paris Apsap op 73rd"]
[Site "Paris"]
[Date "2004.08.01"]
[Round "2"]
[White "Collette, Benjamin"]
[Black "Perrichon, Jim"]
[Result "1-0"]
[WhiteElo "2165"]
[BlackElo "2061"]
[PlyCount "51"]
[EventDate "2004.08.??"]
[EventType "swiss"]
[EventRounds "9"]
[EventCountry "FRA"]
[SourceTitle "EXT 2006"]
[Source "ChessBase"]
[SourceDate "2005.11.24"]
[SourceVersion "1"]
[SourceVersionDate "2005.11.24"]
[SourceQuality "1"]

1. e4 c6 2. Nc3 d5 3. Nf3 dxe4 4. Nxe4 Bg4 5. Bc4 e6 6. d3 Nf6 7. Neg5 Bd6 8. h3 Bxf3 9. Qxf3 Nbd7 10. Qe2 Ne5 11. Bb3 Bb4+ 12. Kf1 Qa5 13. d4 Ned7 14. Nxf7 Kxf7 15. Qxe6+ Kg6 16. Qf7+ Kf5 17. f3 Bd2 18. Be6+ Kf4 19. Bxd7 Bxc1 20. Rxc1 Rhg8 21. Re1 Rad8 22. Re4+ Kg5 23. h4+ Kh6 24. g4 g6 25. g5+ Kh5 26. Bg4+ 1-0

[Event "Znojmo Hostan op"]
[Site "Znojmo"]
[Date "2004.05.21"]
[Round "7"]
[White "Dobes, Oldrich"]
[Black "Collette, Benjamin"]
[Result "1-0"]
[WhiteElo "2025"]
[BlackElo "2160"]
[PlyCount "59"]
[EventDate "2004.05.15"]
[EventType "swiss"]
[EventRounds "9"]
[EventCountry "CZE"]
[SourceTitle "CBM 100 Extra"]
[Source "ChessBase"]
[SourceDate "2004.07.06"]
[SourceVersion "2"]
[SourceVersionDate "2004.07.06"]
[SourceQuality "1"]

1. e4 e5 2. Nf3 Nc6 3. Bb5 g6 4. 0-0 Bg7 5. Re1 Nge7 6. c3 0-0 7. h3 d5 8. d3 a6 9. Ba4 h6 10. Nbd2 Be6 11. a3 f5 12. Bb3 Kh7 13. Qe2 Qd6 14. Bc2 Rad8 15. Nf1 dxe4 16. dxe4 f4 17. b4 Nb8 18. Bb2 Qc6 19. Rad1 g5 20. Rxd8 Rxd8 21. Rd1 Rg8 22. N3d2 Bf6 23. Nh2 Nd7 24. Bd3 Ng6 25. Bc4 Bxc4 26. Nxc4 b5 27. Na5 Qe6 28. c4 c6 29. c5 Be7 30. Qg4 1-0

[Event "Charleroi op 2nd"]
[Site "Charleroi"]
[Date "2003.09.26"]
[Round "5.15"]
[White "Mailleux, Guy"]
[Black "Collette, Benjamin"]
[Result "0-1"]
[WhiteElo "1767"]
[BlackElo "2083"]
[PlyCount "50"]
[EventDate "2003.08.23"]
[EventType "swiss"]
[EventRounds "9"]
[EventCountry "BEL"]
[SourceTitle "EXT 2004"]
[Source "ChessBase"]
[SourceDate "2003.11.25"]
[SourceVersion "1"]
[SourceVersionDate "2003.11.25"]
[SourceQuality "1"]

1. d4 Nf6 2. c4 e6 3. Nc3 Bb4 4. e3 b6 5. Nf3 Bb7 6. Be2 Ne4 7. Qc2 0-0 8. 0-0 Bxc3 9. bxc3 d6 10. Rd1 Nd7 11. Rb1 f5 12. Ba3 Qf6 13. Ne1 Qh4 14. Bf1 Qh6 15. Bc1 Qg6 16. Nd3 e5 17. Ba3 Ng5 18. Ne1 Nf3+ 19. Nxf3 Bxf3 20. Qd2 f4 21. Re1 Bxg2 22. f3 Bxf3+ 23. Kf2 Be4 24. dxe5 fxe3+ 25. Kxe3 Bxb1 0-1